000 01007nam a22002537a 4500
999 _c22231
_d22231
003 AR-CdUCM
008 190425b ||||| |||| 00| 0 spa d
040 _aMUNICIPALIDAD PROVINCIAL DEL CUSCO
_cBIBLIOTECA MUNICIPAL DEL CUSCO
082 _aReserva/N°3/1993
245 _aReserva moral :
_binformativo de análisis y debate de frente único /
_cRoberto Briceño Popovich, Director
260 _aCusco.
_bKunta´s Graff,
_c1993.
300 _a19 páginas. :
_bilustraciones ;
_c21 cm.
440 _aReserva moral.
_nAño I, N°3, noviembre 1993.
_947699
505 _aContenido: No a la convención de Lima. -- Situación política post electoral. -- 500 años i deterioro ambiental. -- Rescatando identidad cultural.
650 _aPolítica peruana
_91676
650 _aEcología
_94960
650 _aCultura
_9126
700 _aAguilar, César
_947700
700 _aOlazabal, Luciano
_947701
700 _aChávez, Edwin
_947702
700 _aCurasi, Mario
_929686
942 _2ddc
_cPP
945 _arac